00381nam a2200121Ia 4500008004100000100002100041245002100062245002200083260000900105856005300114999001900167952007300186160531s9999 xx 000 0 und d aYamanouchi, Dai. aVascular Surgery cby Dai Yamanouchi c2012 uhttp://www.intechopen.com/books/vascular-surgery c295490d295490 001040aCLbCLd2016-05-31l0r2016-05-31 00:00:00w2016-05-31yCBE